Out in theory : the emergence of lesbian and gay anthropology

Αποθηκεύτηκε σε:
Λεπτομέρειες βιβλιογραφικής εγγραφής
Άλλοι συγγραφείς: Lewin, Ellen (Επιμελητής έκδοσης), Leap, William (Επιμελητής έκδοσης), Newton, Esther (Συγγραφέας εισαγωγής κ.λπ.)
Μορφή: Βιβλίο
Γλώσσα:English
Δημοσίευση: Urbana : University of Illinois Press, c2002.
Θέματα:
Ετικέτες: Προσθήκη ετικέτας
Δεν υπάρχουν, Καταχωρήστε ετικέτα πρώτοι!

MARC

LEADER 00000cam a2200000 i 4500
001 1/4301
008 100209s2002 eng d
020 |a 0-252-07076-3 (pbk.) 
035 |l 10106705 
040 |a GR-MY-UA  |b gre  |e aacr 
041 0 |a eng 
082 0 |a 306.766   |2 (23) 
245 1 0 |a Out in theory :  |b the emergence of lesbian and gay anthropology /   |c edited by Ellen Lewin and William L. Leap ; foreword by Esther Newton.  
260 |a Urbana :   |b University of Illinois Press,   |c c2002. 
300 |a x, 329 σ. ;   |c 23 εκ. 
504 |a Περιέχει βιβλιογραφικές παραπομπές και ευρετήριο. 
650 0 0 |a Lesbians  |x Identity. 
650 0 0 |a Gays  |x Identity. 
650 0 0 |a Lesbians  |x Social life and customs. 
650 0 0 |a Homosexuality. 
650 0 0 |a Gay and lesbian studies. 
700 1 |a Lewin, Ellen,  |e edt 
700 1 |a Leap, William,  |e edt 
700 1 |a Newton, Esther,  |e aui 
852 |a INST  |b LESVOS  |e 20100209  |h 306.766 OUT  |p 005100045777  |q 005100045777  |t BK  |y 0 
901 |a BIBL1-2010-1 
909 |a Λ  |b 162708 
970 |a ΓΙΑΛΑΜΑ  |b ΜΑΡΙΑ  |z 2010/02/09